पूर्वी अवधीःग्राम्य शब्दावलीः (Record no. 15124)
[ view plain ]
| 000 -LEADER | |
|---|---|
| fixed length control field | 01381nam a22002537a 4500 |
| 005 - DATE AND TIME OF LATEST TRANSACTION | |
| control field | 20080827101417.0 |
| 008 - FIXED-LENGTH DATA ELEMENTS--GENERAL INFORMATION | |
| fixed length control field | 080827t xxu||||| |||| 00| 0 hin d |
| 010 ## - LIBRARY OF CONGRESS CONTROL NUMBER | |
| LC control number | HIN-84096 |
| 020 ## - INTERNATIONAL STANDARD BOOK NUMBER | |
| Terms of availability | 300.00 |
| International Standard Book Number | 9788189627090 |
| 035 ## - SYSTEM CONTROL NUMBER | |
| System control number | HN-56442 |
| 037 ## - SOURCE OF ACQUISITION | |
| Stock number | DBAD / PUB |
| 040 ## - CATALOGING SOURCE | |
| Original cataloging agency | DPL |
| Language of cataloging | HN |
| 082 ## - DEWEY DECIMAL CLASSIFICATION NUMBER | |
| Classification number | 423 |
| 100 ## - MAIN ENTRY--PERSONAL NAME | |
| Personal name | त्रिपाठी, आत्माराम |
| 245 ## - TITLE STATEMENT | |
| Title | पूर्वी अवधीःग्राम्य शब्दावलीः |
| Statement of responsibility, etc | आत्माराम त्रिपाठी |
| Remainder of title | (जबलपुर विश्वविद्यालय की पी. एच.डी. उपाधि के लिए स्वीकृत शोध- प्रबन्ध) / |
| 246 ## - VARYING FORM OF TITLE | |
| Title proper/short title | Purvi Awadhi : Gramya Shabdaavali |
| Remainder of title | by Armaram Tripathi |
| 260 ## - PUBLICATION, DISTRIBUTION, ETC. (IMPRINT) | |
| Place of publication, distribution, etc | इलाहाबाद |
| Name of publisher, distributor, etc | आलोक प्रकाशन |
| Date of publication, distribution, etc | 2007 |
| 270 ## - ADDRESS | |
| Address | 99ए/150, लूकरगंज |
| City | इलाहाबाद |
| Postal code | 1 |
| 300 ## - PHYSICAL DESCRIPTION | |
| Extent | 223पृ |
| Dimensions | 22सेमी (सजिल्द) |
| 650 ## - SUBJECT ADDED ENTRY--TOPICAL TERM | |
| Topical term or geographic name as entry element | अवधी भाषा |
| General subdivision | शब्दकोश |
| -- | हिन्दी |
| 650 ## - SUBJECT ADDED ENTRY--TOPICAL TERM | |
| Topical term or geographic name as entry element | Avadhi language |
| General subdivision | Dictionary |
| -- | Hindi |
| 942 ## - ADDED ENTRY ELEMENTS (KOHA) | |
| Source of classification or shelving scheme | Dewey Decimal Classification |
| Koha item type | Hindi Books |
| Call number suffix | त्रिपाठी |
| Classification part | 423 |
| Withdrawn status | Lost status | Damaged status | Not for loan | Collection code | Home library | Current library | Date acquired | Source of acquisition | Cost, normal purchase price | Total Checkouts | Full call number | Barcode | Date last seen | Copy number | Cost, replacement price | Price effective from | Koha item type |
|---|---|---|---|---|---|---|---|---|---|---|---|---|---|---|---|---|---|
| Not For Loan | Non-fiction | D.B.Act.Division | D.B.Act.Division | 27/08/2008 | DBAD / PUB | 300.00 | 423 त्रिपाठी | HN-56442 | 15/09/2008 | 1 | 300.00 | 15/09/2008 | Hindi Books |
